000 02460cam a2200421 a 4500
999 _c158
_d158
001 .b13781984
003 OCoLC
005 20190729114014.0
008 060726s2004 fr e 000 1 fre d
020 _a207033676X (pbk.) :
020 _a9782070336760 (pbk.) :
035 _a(OCoLC)70700423
040 _aWIW
_cWIW
_dCPL
_dLNQ
_dYDXCP
_dBAKER
_dOCL
_dTW-KhWUC
041 0 _afre
042 _anbic
043 _ae-fr---
044 _afr
082 0 _aFIC NEM
090 _a843.912
_bN434Su
100 1 _aNémirovsky, Irène,
_d1903-1942.
_eauthor
245 1 0 _aSuite française /
_cIrène Némirovsky ; préface de Myriam Anissimov.
260 _aParis :
_bDenoël,
_c2004.
300 _a573 p. ;
_c18 cm.
440 0 _aCollection Folio ;
_v4346.
504 _aIncludes bibliographical references.
520 _aEcrit dans le feu de l'Histoire, Suite française dépeint presque en direct l'exode de juin 1940, qui brassa dans un désordre tragique des familles françaises de toute sorte, des plus huppées aux plus modestes. Avec bonheur, Irène Némirovsky traque les innombrables petites lâchetés et les fragiles élans de solidarité d'une population en déroute. Cocottes larguées par leur amant, grands bourgeois dégoûtés par la populace, blessés abandonnés dans des fermes engorgent les routes de France bombardées au hasard... Peu à peu l'ennemi prend possession d'un pays inerte et apeuré. Comme tant d'autres, le village de Bussy est alors contraint d'accueillir des troupes allemandes. Exacerbées par la présence de l'occupant, les tensions sociales et les frustrations des habitants se réveillent... Roman bouleversant, intimiste, implacable, dévoilant avec une extraordinaire lucidité l'âme de chaque Français pendant l'Occupation, enrichi de notes et de la correspondance d'Irène Némirovsky, Suite française ressuscite d'une plume brillante et intuitive un pan à vif de notre mémoire.
586 _aPrix Renaudot 2004.
630 0 0 _aPrix Renaudot
_y2004.
630 0 0 _aPrix Renaudot
_y2004.
650 0 _aWorld War, 1939-1945
_zFrance
_vFiction.
650 _aRoman français
_y20e siècle.
650 0 _aWorld War, 1939-1945
_zFrance
_vFiction.
650 _aRoman français
_y20e siècle.
651 0 _aFrance
_xHistory
_yGerman occupation, 1940-1945
_vFiction.
651 0 _aFrance
_xHistory
_yGerman occupation, 1940-1945
_vFiction.
700 1 _aAnissimov, Myriam.
_eWriter of preface
942 _2ddc
_cFIC